La religión en el espacio público: el pensamiento de Alexis de Tocqueville y Jürgen Habermas

保存先:
書誌詳細
第一著者: Esteban Duque, Roberto (著者)
フォーマット: 図書
言語:スペイン語
出版事項: Pamplona Ediciones Universidad de Navarra S.A 2018
版:1a. ed
シリーズ:Religión
主題:
タグ: タグ追加
タグなし, このレコードへの初めてのタグを付けませんか!

MARC

LEADER 00000cam a2200000 a 4500
001 UCC8964
003 CL-VaPUC
008 190830e20180000sp |||||||||||||||||spa|d
020 |a 9788431333089 
082 0 4 |a 261.4  |b EST  |2 21 
100 0 |a Esteban Duque, Roberto  |e author  |9 603677 
245 1 3 |a La religión en el espacio público: el pensamiento de Alexis de Tocqueville y Jürgen Habermas 
250 |a 1a. ed 
300 |a 209 p 
942 |c BK 
945 |d 20190830 10:52:00  |a dcastane 
260 |a Pamplona  |b Ediciones Universidad de Navarra S.A  |c 2018 
650 0 |a Religión y sociedad  |9 380181 
650 0 |a Modernidad   |9 265371 
650 7 |a RELIGION Y CULTURA  |2 CL-VaPUC  |9 316319 
583 |a last modification  |c 20190830 10:52:00  |k Rodrigo Vera 
490 0 |a Religión 
999 |c 375159  |d 375157 
952 |0 0  |1 0  |3 erb  |4 0  |6 261_400000000000000_EST_2018  |7 0  |8 WP_COW  |9 561103  |a BIBDER  |b BIBDER  |e Fundación W and P Cowley  |i 559717K  |l 1  |o 261.4 EST 2018  |p 559717K  |r 2023-08-25  |s 2023-07-03  |w 2020-03-12  |y BK  |z Catalogado en:20190830  |k WPC